000 00405nam a2200157 i 4500
001 35109
003 ES-MaACL
005 20230906155045.0
007 t|
008 030212s1934 fr ||||1| fre d
100 1 _aBordeaux, Henry.
_930390
245 1 0 _aÉpisodes de la vie litteriare /
_cHenry Bordeaux.
260 _aParis :
_bPlon,
_c1934.
300 _a316 p. ;
_c19 cm.
852 _aES-MaACL
_jA-2105
999 _c35109
_d35109